| Tag |
First Indicator |
Second Indicator |
Subfields |
| LEADER |
00000cam a2200000 a 4500 |
| 001 |
in00000030211 |
| 005 |
20151007060232.0 |
| 008 |
870706s1988 cau b 00000 eng |
| 010 |
|
|
|a 87018762
|
| 020 |
|
|
|a 0803930526 :
|c $29.95
|
| 020 |
|
|
|a 0803930534 (pbk.) :
|c $14.95
|
| 035 |
|
|
|a (OCoLC)16355290
|
| 035 |
|
|
|9 AAC0362AM
|
| 040 |
|
|
|a DLC
|c DLC
|d TXA
|d UtOrBLW
|
| 049 |
|
|
|a TXAM
|c [A11089933]
|
| 050 |
0 |
0 |
|a HV6626
|b .F46 1988
|
| 082 |
0 |
|
|a 362.8/2
|2 19
|
| 245 |
0 |
0 |
|a Feminist perspectives on wife abuse /
|c edited by Kersti Yllö, Michele Bograd.
|
| 264 |
|
1 |
|a Newbury Park, Calif. :
|b Sage Publications,
|c 1988.
|
| 300 |
|
|
|a 318 pages ;
|c 23 cm.
|
| 336 |
|
|
|a text
|b txt
|2 rdacontent
|
| 337 |
|
|
|a unmediated
|b n
|2 rdamedia
|
| 338 |
|
|
|a volume
|b nc
|2 rdacarrier
|
| 490 |
1 |
|
|a Sage focus editions ;
|v 93
|
| 504 |
|
|
|a Includes bibliographies.
|
| 650 |
|
0 |
|a Wife abuse.
|
| 650 |
|
0 |
|a Feminism.
|
| 700 |
1 |
|
|a Yllö, Kersti.
|
| 700 |
1 |
|
|a Bograd, Michele Louise,
|d 1952-
|
| 830 |
|
0 |
|a Sage focus editions ;
|v 93.
|
| 999 |
|
|
|a MARS
|
| 999 |
f |
f |
|s 54363744-edb2-37b0-aa81-ab9012ee753b
|i f33ce430-8390-3520-9e7b-d47a7b3f2caf
|t 0
|
| 952 |
f |
f |
|p normal
|a Texas A&M University
|b College Station
|c Sterling C. Evans Library
|d Evans: Library Stacks
|t 0
|e HV6626 .F46 1988
|h Library of Congress classification
|i unmediated -- volume
|m A14811089933
|
| 998 |
f |
f |
|a HV6626 .F46 1988
|t 0
|l Evans: Library Stacks
|